Équipes ayant marqué le plus de buts au Championnat d'Europe - Statistiques

Statistiques générales
  • Ce quiz a été pris 108 fois
    33 depuis la dernière actualisation
  • Le résultat moyen est 14 sur 15
Statistiques - réponses
Buts Équipe % Correct
89 Allemagne de l'Ouest / Allemagne
100%
83 Espagne
100%
55 Italie
100%
61 Portugal
100%
59 Angleterre
97%
33 Belgique
97%
73 France
97%
75 Pays-Bas
91%
40 Union soviétique / Russie
88%
30 Suède
84%
24 Suisse
84%
33 Croatie
81%
44 Danemark
81%
23 Yougoslavie / Serbie
78%
51 Tchécoslovaquie / République tchèque
72%
Aucun quiz correspondant
Distribution des résultats
% des personnes avec chaque résultat
Percentile par nombre de réponses
Votre historique - résultats
Vous n’avez pas pris ce quiz depuis la dernière actualisation